Sarkar The Code of Criminal Procedure / (Record no. 178349)
[ view plain ]
| 000 -LEADER | |
|---|---|
| fixed length control field | 00826nam a22002177a 4500 |
| 005 - DATE AND TIME OF LATEST TRANSACTION | |
| control field | 20210907150006.0 |
| 010 ## - LCCN (DPL NO) | |
| LC control number | ENG-129894 ENG-129895 |
| 020 ## - INTERNATIONAL STANDARD BOOK NUMBER | |
| International Standard Book Number | 978-93-8651-541-4 |
| Terms of availability | 4795.00( vol.2) |
| 035 ## - SYSTEM CONTROL NUMBER | |
| System control number | EN-113426 EN-113427 |
| 037 ## - SOURCE OF ACQUISITION | |
| Source of stock number/acquisition | DBAD/PUB |
| 082 ## - DEWEY DECIMAL CLASSIFICATION NUMBER | |
| Classification number | 345.5405 |
| 100 ## - MAIN ENTRY--PERSONAL NAME | |
| Personal name | Sarkar, SC |
| 245 ## - TITLE STATEMENT | |
| Title | Sarkar The Code of Criminal Procedure / |
| Statement of responsibility, etc | SC Sarkar ,PC Sarkar and Sudipto Sarkar |
| Remainder of title | An encyclopaedic commentary on the code of criminal procedure, 1973 |
| 260 ## - PUBLICATION, DISTRIBUTION, ETC. (IMPRINT) | |
| Name of publisher, distributor, etc | Lexis Nexis |
| Place of publication, distribution, etc | India |
| Date of publication, distribution, etc | 2018 |
| 270 ## - ADDRESS | |
| City | Gurgaon |
| Postal code | 122002 |
| Address | 14th Floor , Building No 10, Tower-B, DLF Cyber City, phase -ll |
| Telephone number | +91 124 4774444 |
| Fax number | +91 124 4774100 |
| Electronic mail address | help.in@lexisnexis.com |
| 300 ## - PHYSICAL DESCRIPTION | |
| Extent | 1383p. |
| Dimensions | 25cm(hbk) |
| 490 ## - SERIES STATEMENT | |
| Volume number/sequential designation | 1 |
| 700 ## - ADDED ENTRY--PERSONAL NAME | |
| Personal name | SC Sarkar |
| 700 ## - ADDED ENTRY--PERSONAL NAME | |
| Personal name | ,PC Sarkar |
| 942 ## - ADDED ENTRY ELEMENTS (KOHA) | |
| Source of classification or shelving scheme | Dewey Decimal Classification |
| Item type | English Books |
| Classification part | 345.5405 |
| Call number suffix | SAR |
| Withdrawn status | Lost status | Materials specified (bound volume or other part) | Not for loan | Collection code | Home library | Current library | Date acquired | Source of acquisition | Cost, normal purchase price | Full call number | Barcode | Copy number | Cost, replacement price | Koha item type |
|---|---|---|---|---|---|---|---|---|---|---|---|---|---|---|
| vol.1 | Not For Loan | Reference | Central Library | Central Library | 25/03/2021 | DBAD/PUB | 4795.00 | 345.5405 SAR | EN-113426 | 1 | 4795.00 | English Books | ||
| vol.2 | Not For Loan | Reference | Central Library | Central Library | 07/09/2021 | DBAD/PUB | 4795.00 | 345.5405 SAR | EN-113427 | 1 | 4795.00 | English Books |
